000 00480nam a2200181Ia 4500
003 OSt
005 20230603124754.0
008 210423s2006 xx 000 0 und d
040 _cAL
041 _aeng
082 _a616.89
_223
_bRAJB
100 _aRAJAYANICKAM (M).
_9119366
245 _aBehavioural problems in adolesant period.
260 _aDelhi
_bAuthor Press
_c2006
365 _b750
_cINR
906 _aadolesant ; Behavioural ; period. ; problems
942 _2ddc
_cBK
999 _c174868
_d174868